[Event "AUTO-INT-3459"]
[Site "http://www.queenalice.com/game.php?id=1599004"]
[Date "2020.2.10"]
[Round "2"]
[White "adilsonap"]
[Black "SamuraiJOM"]
[Result "1-0"]
[WhiteElo "2113"]
[BlackElo "1658"]

1. e4 e5 2. Nf3 Nc6 3. Bc4 h6 4. d4 Bd6 5. c3 Na5 6. Bxf7+ Kxf7 7. dxe5 Be7 8.
Qd5+ Ke8 9. Qxa5 b6 10. Qd5 Ba6 11. Be3 Bb7 12. Qxb7 c5 13. Qd5 a5 14. Na3 a4
15. Nb5 Ra5 16. Nh4 Bxh4 17. Nd6+ 1-0

[Event "AUTO-MASTER-2944"]
[Site "http://www.queenalice.com/game.php?id=1607263"]
[Date "2020.4.12"]
[Round "1"]
[White "adilsonap"]
[Black "parapunzi"]
[Result "0-1"]
[WhiteElo "2182"]
[BlackElo "2592"]

1. d4 d5 2. Nf3 Nf6 3. c4 c6 4. cxd5 cxd5 5. Nc3 Nc6 6. Bf4 a6 7. Rc1 Bf5 8. e3
Rc8 9. a3 e6 10. Bd3 Bxd3 11. Qxd3 Be7 12. O-O O-O 13. h3 Nd7 14. Rfd1 Re8 15.
Rc2 h6 16. Rdc1 Nb6 17. Nd2 Na5 18. Nf3 Nbc4 19. e4 Bd6 20. Bxd6 Qxd6 21. Re1
Qc7 22. Rec1 Nb3 23. Re1 dxe4 24. Qxe4 b5 25. Rce2 Red8 26. d5 Nc5 27. Qg4 Nd3
28. Nh4 Qf4 29. Qxf4 Nxf4 30. Re4 Nxb2 0-1

[Event "AUTO-MASTER-2944"]
[Site "http://www.queenalice.com/game.php?id=1607264"]
[Date "2020.4.12"]
[Round "1"]
[White "parapunzi"]
[Black "adilsonap"]
[Result "1/2-1/2"]
[WhiteElo "2598"]
[BlackElo "2181"]

1. e4 c5 2. c3 d5 3. exd5 Qxd5 4. d4 Nf6 5. Nf3 cxd4 6. cxd4 g6 7. Nc3 Qd6 8.
Bg5 Bg7 9. Nb5 Qb6 10. Rc1 Na6 11. Bc4 Be6 12. Qa4 O-O 13. O-O Bd7 14. Ne5 Be8
15. Qb3 Ne4 16. Be3 Bxe5 17. dxe5 Nac5 18. Nxa7 Nxb3 19. Bxb6 Nxc1 20. Rxc1 Bd7
21. Bd5 Ng5 22. Rc7 Bc6 23. Nxc6 bxc6 24. Rxc6 Rfc8 25. Rxc8+ Rxc8 26. Be3 Rd8
27. Bb3 Ne4 28. e6 f5 29. f3 Nd2 30. Ba4 Ra8 31. Bd7 Nc4 32. Bc5 Kf8 33. b3 Ne5
34. a4 Nxd7 35. exd7 Rd8 36. b4 Rxd7 37. a5 Ke8 38. a6 1/2-1/2

[Event "AUTO-MASTER-2944"]
[Site "http://www.queenalice.com/game.php?id=1607265"]
[Date "2020.4.12"]
[Round "1"]
[White "adilsonap"]
[Black "josebaron"]
[Result "1-0"]
[WhiteElo "2160"]
[BlackElo "2365"]

1. d4 d5 2. Nf3 Nc6 3. c4 Nf6 4. cxd5 Qxd5 5. Nc3 Qd8 6. e4 e6 7. h3 Be7 8. a3
O-O 9. Be2 b6 10. Be3 Bb7 11. Qc2 h6 12. g4 Nb8 13. O-O-O c5 14. d5 exd5 15.
exd5 Na6 16. g5 hxg5 17. Rhg1 Nc7 18. Rxg5 Nce8 19. Bc4 Nd6 20. Rdg1 Nfe8 21.
Rh5 f5 22. Ba2 Bf6 23. Ne2 Nc7 24. Nf4 Qe8 25. Ng5 Rd8 26. Nge6 Nxe6 27. dxe6 c4
28. Qe2 Rc8 29. Bd2 Be4 30. f3 Be5 31. fxe4 Bd4 32. e5 1-0

[Event "AUTO-MASTER-2944"]
[Site "http://www.queenalice.com/game.php?id=1607266"]
[Date "2020.4.12"]
[Round "1"]
[White "josebaron"]
[Black "adilsonap"]
[Result "1/2-1/2"]
[WhiteElo "2324"]
[BlackElo "2178"]

1. e4 c5 2. Bc4 e6 3. Nf3 a6 4. a4 d5 5. exd5 exd5 6. Be2 Nf6 7. d4 cxd4 8. Nxd4
Nc6 9. Be3 Bd6 10. O-O Bd7 11. Nc3 O-O 12. Bf3 Be6 13. g3 Bh3 14. Re1 Bb4 15.
Nxc6 bxc6 16. Bd4 a5 17. Re3 Bd6 18. Ne2 Ng4 19. Rc3 Qd7 20. Qd2 Ne5 21. Bxe5
Bxe5 22. Nd4 Qb7 23. Rd1 Bd7 24. Rb3 Qa7 25. c4 dxc4 26. Re3 Bf6 27. Nb5 cxb5
28. Bxa8 Be6 29. Bc6 bxa4 30. Qe2 a3 31. bxa3 c3 32. Be4 Qc5 33. Bc2 g6 34. h4
Kg7 35. a4 Bd4 36. Re4 Bf6 37. Re3 1/2-1/2

[Event "AUTO-MASTER-2944"]
[Site "http://www.queenalice.com/game.php?id=1607267"]
[Date "2020.4.12"]
[Round "1"]
[White "adilsonap"]
[Black "CCapivara"]
[Result "1-0"]
[WhiteElo "2149"]
[BlackElo "2122"]

1. d4 d6 2. Nf3 Nf6 3. c4 c6 4. Nc3 Bg4 5. e4 Nbd7 6. Be2 e5 7. Be3 Be7 8. O-O
O-O 9. Qc2 Rc8 10. Rad1 Re8 11. dxe5 dxe5 12. Nxe5 Bxe2 13. Qxe2 Qc7 14. Nxd7
Nxd7 15. f4 Nc5 16. b4 Ne6 17. e5 Nf8 18. Ne4 Bxb4 19. c5 Rcd8 20. Nd6 Re7 21.
Qg4 g6 22. a3 Bxa3 23. Rd3 Bb4 24. f5 a5 25. Qf4 Nd7 26. Qh6 f6 27. exf6 Nxf6
28. fxg6 Rxe3 29. Qxe3 1-0

[Event "AUTO-MASTER-2944"]
[Site "http://www.queenalice.com/game.php?id=1607268"]
[Date "2020.4.12"]
[Round "1"]
[White "CCapivara"]
[Black "adilsonap"]
[Result "0-1"]
[WhiteElo "2144"]
[BlackElo "2137"]

1. e4 c5 2. Nf3 e6 3. d4 cxd4 4. Nxd4 Nc6 5. a3 Nf6 6. Nc3 Be7 7. Be3 O-O 8. Be2
d5 9. exd5 Nxd5 10. Nxd5 Qxd5 11. Nxc6 Qxc6 12. O-O e5 13. Bd3 e4 14. Be2 f5 15.
g3 f4 16. Bxf4 Rxf4 17. gxf4 Bh3 18. Kh1 Rd8 19. Qc1 e3+ 20. f3 Rd2 21. Qe1 Bxf1
22. Qxf1 Qxc2 23. Rc1 Qxb2 24. Rc8+ Bd8 25. Qh3 Qb1+ 26. Bf1 Kh8 0-1

[Event "AUTO-MASTER-2976"]
[Site "http://www.queenalice.com/game.php?id=1620742"]
[Date "2020.7.17"]
[Round "1"]
[White "adilsonap"]
[Black "ignacius"]
[Result "1-0"]
[WhiteElo "2216"]
[BlackElo "2033"]

1. d4 d5 2. c4 c6 3. cxd5 cxd5 4. Bf4 Nc6 5. Nc3 e6 6. e3 Be7 7. h3 Nf6 8. Nf3
O-O 9. Bd3 g6 10. O-O Nh5 11. Bh6 Re8 12. Rc1 a6 13. a3 Bf6 14. Qc2 e5 15. dxe5
Nxe5 16. Be2 Bf5 17. Qd1 Be6 18. Nxe5 Ng7 19. Ng4 Bg5 20. Bxg5 Qxg5 21. Qd4 Bxg4
22. Bxg4 Red8 23. f4 Qe7 24. Nxd5 Qd6 25. Rcd1 Kh8 26. f5 Rf8 27. fxg6 fxg6 28.
e4 Rxf1+ 29. Rxf1 Re8 30. Rf6 Qd8 31. Rf7 Rg8 32. Rxb7 Qg5 33. Be6 1-0

[Event "AUTO-MASTER-2976"]
[Site "http://www.queenalice.com/game.php?id=1620743"]
[Date "2020.7.17"]
[Round "1"]
[White "ignacius"]
[Black "adilsonap"]
[Result "0-1"]
[WhiteElo "2042"]
[BlackElo "2209"]

1. d4 d5 2. c4 c6 3. e3 Bf5 4. Be2 Nf6 5. Nf3 h6 6. O-O Nbd7 7. Nc3 e6 8. c5 b6
9. cxb6 axb6 10. a3 Be7 11. b4 Bxb4 12. Bb2 Bd6 13. h3 Qb8 14. Qc1 b5 15. Na2
O-O 16. Nb4 Rc8 17. Ne5 Qb7 18. f3 c5 19. Nxd7 Nxd7 20. Nd3 cxd4 21. Qd2 dxe3
22. Qxe3 Rc2 23. Bc1 Qc7 24. Kh1 d4 25. Qxd4 Rxe2 26. Be3 Ra4 27. Rfc1 Rxd4 28.
Rxc7 Rxe3 29. Rxd7 Rexd3 0-1

[Event "AUTO-MASTER-2976"]
[Site "http://www.queenalice.com/game.php?id=1620744"]
[Date "2020.7.17"]
[Round "1"]
[White "adilsonap"]
[Black "Aguinaldo"]
[Result "1-0"]
[WhiteElo "2231"]
[BlackElo "2092"]

1. d4 e6 2. c4 Bb4+ 3. Bd2 Bxd2+ 4. Qxd2 Nf6 5. Nc3 b6 6. e4 Bb7 7. f3 Na6 8.
O-O-O Qe7 9. Kb1 d5 10. cxd5 exd5 11. Bb5+ c6 12. exd5 O-O 13. dxc6 Bc8 14. Bxa6
Bxa6 15. Nh3 Qd6 16. d5 Rad8 17. Ng5 Bc4 18. Qc2 h6 19. Nce4 Nxe4 20. Nxe4 Qb4
21. c7 Rd7 22. d6 Rc8 23. b3 Be6 24. Qc3 Qb5 25. Rd2 Bf5 26. a4 Qa6 27. Rc1 Qb7
28. Qe5 Be6 29. Kb2 a5 30. g4 Re8 31. g5 hxg5 32. Rg1 g4 33. Rxg4 f5 34. Nf6+
Kf7 35. Rxg7+ Kxg7 36. Rg2+ Kf7 37. Nxd7 Bxd7 38. Rg7+ Kf8 39. Qf6# 1-0

[Event "AUTO-MASTER-2976"]
[Site "http://www.queenalice.com/game.php?id=1620745"]
[Date "2020.7.17"]
[Round "1"]
[White "Aguinaldo"]
[Black "adilsonap"]
[Result "0-1"]
[WhiteElo "2079"]
[BlackElo "2223"]

1. e4 c5 2. Nf3 e6 3. d3 d5 4. exd5 exd5 5. Be2 d4 6. Nbd2 Be7 7. Nc4 Nf6 8. Bg5
Nc6 9. Qd2 O-O 10. Nfe5 Nxe5 11. Nxe5 Re8 12. O-O-O Nd5 13. Bxe7 Rxe7 14. Nc4 b5
15. Na3 Be6 16. Bf3 Rb8 17. Qa5 Qxa5 18. Bxd5 Bxd5 19. f3 c4 20. dxc4 bxc4 21.
Rxd4 c3 22. Nc4 Qxa2 23. bxc3 Re2 24. Rxd5 Qxc2# 0-1

[Event "AUTO-MASTER-2976"]
[Site "http://www.queenalice.com/game.php?id=1620746"]
[Date "2020.7.17"]
[Round "1"]
[White "adilsonap"]
[Black "Donyelko"]
[Result "1-0"]
[WhiteElo "2201"]
[BlackElo "2073"]

1. d4 c5 2. d5 Nf6 3. Nc3 d6 4. e4 e5 5. a4 Be7 6. Bb5+ Nbd7 7. Nf3 a6 8. Bd3
O-O 9. Nd2 h6 10. O-O b6 11. Nc4 Bb7 12. f4 exf4 13. Bxf4 Nh7 14. Qe1 Re8 15.
Bxd6 Ndf6 16. Bg3 Ng5 17. Rd1 Nh5 18. h4 Nxg3 19. Qxg3 Nh7 20. e5 Bxh4 21. Qf4
f6 22. Qxh4 fxe5 23. Qe4 Ng5 24. Qg6 Bxd5 25. Nxd5 Qxd5 26. Ne3 Qd4 27. Bc4+ Kh8
28. Rxd4 exd4 29. Nf5 1-0

[Event "AUTO-MASTER-2976"]
[Site "http://www.queenalice.com/game.php?id=1620747"]
[Date "2020.7.17"]
[Round "1"]
[White "Donyelko"]
[Black "adilsonap"]
[Result "0-1"]
[WhiteElo "2085"]
[BlackElo "2192"]

1. e4 c5 2. f4 e6 3. Nf3 d5 4. Bb5+ Bd7 5. Bxd7+ Qxd7 6. O-O dxe4 7. Ng5 Qd4+ 8.
Kh1 h6 9. Nxf7 Kxf7 10. f5 exf5 11. Rxf5+ Nf6 12. c3 Qd3 13. Qb3+ Kg6 14. Rf2
Nbd7 15. Qxb7 Bd6 16. c4 Ng4 17. Qxd7 Nxf2+ 18. Kg1 Bxh2+ 0-1

[Event "AUTO-MASTER-2888"]
[Site "http://www.queenalice.com/game.php?id=1628059"]
[Date "2020.9.25"]
[Round "2"]
[White "adilsonap"]
[Black "Palmeiras"]
[Result "0-1"]
[WhiteElo "2218"]
[BlackElo "2656"]

1. e4 c5 2. Nf3 d6 3. Bb5+ Nd7 4. O-O a6 5. Be2 Ngf6 6. d3 e6 7. a4 b6 8. Bf4
Bb7 9. Nfd2 Be7 10. Na3 O-O 11. c3 Bc6 12. Nc2 b5 0-1

[Event "AUTO-MASTER-2888"]
[Site "http://www.queenalice.com/game.php?id=1628060"]
[Date "2020.9.25"]
[Round "2"]
[White "Palmeiras"]
[Black "adilsonap"]
[Result "1-0"]
[WhiteElo "2657"]
[BlackElo "2217"]

1. e4 c5 2. Nf3 e6 3. d4 cxd4 4. Nxd4 Nf6 5. Nc3 Bb4 6. e5 Nd5 7. Qg4 Kf8 8. Bd3
d6 9. O-O Bxc3 10. bxc3 dxe5 11. Nb5 f5 12. Qa4 Kg8 13. c4 1-0

[Event "AUTO-MASTER-2888"]
[Site "http://www.queenalice.com/game.php?id=1628061"]
[Date "2020.9.25"]
[Round "2"]
[White "adilsonap"]
[Black "cerenzo72"]
[Result "0-1"]
[WhiteElo "2233"]
[BlackElo "2133"]

1. d4 Nf6 2. c4 d6 3. Nc3 Nbd7 4. e4 e5 5. Nf3 Be7 6. Qc2 exd4 7. Nxd4 Ne5 8. f4
Ned7 9. Be3 Ng4 10. Bg1 h5 11. O-O-O Nb6 12. h3 Nh6 13. c5 Nd7 14. cxd6 cxd6 15.
g4 hxg4 16. hxg4 f6 0-1

[Event "AUTO-MASTER-2888"]
[Site "http://www.queenalice.com/game.php?id=1628062"]
[Date "2020.9.25"]
[Round "2"]
[White "cerenzo72"]
[Black "adilsonap"]
[Result "1-0"]
[WhiteElo "2095"]
[BlackElo "2250"]

1. e4 c5 2. Nf3 e6 3. Nc3 a6 4. g3 Nc6 5. Bg2 Nf6 6. O-O Be7 7. e5 Ng4 8. Qe2 f6
9. exf6 Nxf6 10. b3 O-O 11. Bb2 Qc7 12. d3 b5 13. Rad1 Bb7 14. Ng5 Nd4 15. Qd2
Bxg2 16. Kxg2 Qc6+ 17. Nce4 1-0